00534 2200193 4500001002100000008004100021035002000062245004800082100001900130260004400149300002400193020002200217084001700239520003000256082001100286650001900297990001200316990001200328INLIS000000000015595 ind  a0010-0323000043 a(Tidak Semua) Seks Itu JorokcHendri Yulius aHENDRI, Yulius aJakarta :bElex Media Komputindo,c2019 aiv, 291 hal.c21 cm a978-623-00-0424-7 a574.36 HEN t aBibliografi : hal.267-291 a574.36 aSEKS (BIOLOGI) a10455 a a10455 b